Análisis practico de estados financieros / (Registro nro. 15114)
[ vista simple ]
| 000 -LEADER | |
|---|---|
| fixed length control field | 01061nam a2200229Ia 4500 |
| 003 - CONTROL NUMBER IDENTIFIER | |
| control field | OSt |
| 005 - DATE AND TIME OF LATEST TRANSACTION | |
| control field | 20221213075500.0 |
| 008 - FIXED-LENGTH DATA ELEMENTS--GENERAL INFORMATION | |
| fixed length control field | 210310s1973 mx gr 001 0 spa d |
| 040 ## - CATALOGING SOURCE | |
| Original cataloging agency | CO-JMCR |
| Transcribing agency | CO-JMCR |
| 041 1# - LANGUAGE CODE | |
| Language code of text/sound track or separate title | spa |
| Language code of original | eng |
| 082 04 - DEWEY DECIMAL CLASSIFICATION NUMBER | |
| Edition number | 23 |
| Classification number | 657.62 / |
| Item number | F767a |
| 100 1# - MAIN ENTRY--PERSONAL NAME | |
| Personal name | Foulke, Roy A., |
| 9 (RLIN) | 35355 |
| Relator term | autor |
| 245 10 - TITLE STATEMENT | |
| Title | Análisis practico de estados financieros / |
| Statement of responsibility, etc. | Roy A. Foulke ; traducción de la sexta edición en inglés por Manuel de J. Fernández Cepero |
| 260 ## - PUBLICATION, DISTRIBUTION, ETC. | |
| Place of publication, distribution, etc. | México : |
| Name of publisher, distributor, etc. | Unión Tipográfica Editorial Hispano-Americana, |
| Date of publication, distribution, etc. | 1973 |
| 300 ## - PHYSICAL DESCRIPTION | |
| Extent | xix, 824 páginas ; |
| Dimensions | 23 cm |
| 500 ## - GENERAL NOTE | |
| General note | Incluye índice alfabético |
| 505 0# - FORMATTED CONTENTS NOTE | |
| Formatted contents note | Antecedentes del análisis -- Análisis de empresas mercantiles pequeñas -- Análisis interno de balances de situación -- Análisis comparativo de balances de situación -- Estados de ganancias y pérdidas -- Cuentas del superávit -- Síntesis |
| 650 14 - SUBJECT ADDED ENTRY--TOPICAL TERM | |
| Topical term or geographic name entry element | Análisis de balances |
| 9 (RLIN) | 35357 |
| 650 24 - SUBJECT ADDED ENTRY--TOPICAL TERM | |
| Topical term or geographic name entry element | Estados financieros |
| 700 1# - ADDED ENTRY--PERSONAL NAME | |
| Personal name | Fernández Cepero, Manuel de J., |
| Relator term | traductor |
| 9 (RLIN) | 37035 |
| 942 ## - ADDED ENTRY ELEMENTS (KOHA) | |
| Source of classification or shelving scheme | Dewey Decimal Classification |
| Koha item type | Books |
| Withdrawn status | Lost status | Source of classification or shelving scheme | Damaged status | Not for loan | Home library | Current library | Date acquired | Total Checkouts | Full call number | Barcode | Date last seen | Date last checked out | Copy number | Price effective from | Koha item type |
|---|---|---|---|---|---|---|---|---|---|---|---|---|---|---|---|
| Dewey Decimal Classification | Biblioteca Pública José María del Castillo y Rada | Biblioteca Pública José María del Castillo y Rada | 03/10/2021 | 2 | 657.62 / F767a | 201811692 | 05/14/2025 | 05/13/2025 | Ej.1 | 03/10/2021 | Books |